Arriostramientos de pandeo restringido : análisis, diseño y desempeño de edificaciones en Colombia /

Bibliographic Details
Main Authors: Oviedo, Juan Andrés (Author), Reyes Ortiz, Juan Carlos (Author)
Format: Electronic eBook
Language:Spanish
Published: Bogotá, D.C., Colombia : Ediciones Uniandes, [2024]
Edition:Primera edición.
Subjects:
Online Access:Digitalia Hispánica

MARC

LEADER 00000nam a2200000 i 4500
001 DIGUANDES802
003 NyNyDIG
007 cr |||||||||||
008 251001s2024 ck a ob 000 0 spa d
006 m o d
035 |a (OCoLC)1545262694 
040 |a DGITA  |b eng  |e rda  |e pn  |c DGITA 
020 |a 9789587987164  |q eBook 
020 |z 9789587987157 
024 7 |a 10.51573/Andes.9789587987157.9789587987164  |2 doi 
043 |a s-ck--- 
050 1 4 |a TG265 ebook 
100 1 |a Oviedo, Juan Andrés,  |e author. 
245 1 0 |a Arriostramientos de pandeo restringido :  |b análisis, diseño y desempeño de edificaciones en Colombia /  |c Juan Andrés Oviedo A. y Juan Carlos Reyes. 
250 |a Primera edición. 
264 1 |a Bogotá, D.C., Colombia :  |b Ediciones Uniandes,  |c [2024] 
300 |a 1 online resource :  |b illustrations. 
336 |a text  |b txt  |2 rdacontent 
337 |a computer  |b c  |2 rdamedia 
338 |a online resource  |b cr  |2 rdacarrier 
347 |a text file  |2 rdaft 
347 |b PDF 
500 |a "Universidad de los Andes, Facultad de Ingeniería, Departamento de Ingeniería Civil y Ambiental." 
504 |a Includes bibliographical references and index. 
588 0 |a Online resource; title from PDF title page (Digitalia, viewed October 1, 2025) 
650 0 |a Buckling (Mechanics) 
650 0 |a Structural design  |z Colombia. 
650 0 |a Deformations (Mechanics) 
700 1 |a Reyes Ortiz, Juan Carlos,  |e author. 
791 2 |a Digitalia (Firm),  |e distributor. 
793 0 |g Digitalia eBook Collection:  |a Universidad de los Andes 
776 0 8 |i Print version:  |a Oviedo, Juan Andrés.  |t Arriostramientos de pandeo restringido.  |b Primera edición.  |d Bogotá, D.C., Colombia : Ediciones Uniandes, [2024]  |z 9789587987157 
856 4 0 |3 Digitalia Hispánica  |u https://www.digitaliapublishing.com/a/180398/ 
910 |a Premium collection: 2025